| 000 | 00436nam a22001697a 4500 | ||
|---|---|---|---|
| 003 | SGT | ||
| 020 | _a9788181915320 | ||
| 082 |
_a617.63 _bT24S |
||
| 100 | _aShivhare, Peeyush | ||
| 245 | _aTextbook of Oral Medicine and Oral Radiology | ||
| 250 | _a2nd Ed. | ||
| 260 |
_aTelangana, India _bParas Medical Publishers _c2024 |
||
| 300 | _a574 | ||
| 650 | _aOral Medicine; Oral Radiology | ||
| 700 | _aParihar, Ajay | ||
| 942 |
_2ddc _cBK |
||
| 999 |
_c33019 _d33019 |
||